书目信息 |
| 题名: |
中国文化近代转型管窥
|
|
| 作者: | 冯天瑜 著 | |
| 分册: | ||
| 出版信息: | 北京 商务印书馆 2010.08 |
|
| 页数: | 432页 | |
| 开本: | 23cm | |
| 丛书名: | 珞珈史学文库 | |
| 单 册: | ||
| 中图分类: | G122 | |
| 科图分类: | ||
| 主题词: | 文化转化--研究--中国--近代 , 文化转化 | |
| 电子资源: | ||
| ISBN: | 978-7-100-06968-7 | |
| 000 | 01037oam2 2200277 450 | |
| 001 | 010030021970 | |
| 005 | 20120619084319.32 | |
| 010 | @a978-7-100-06968-7@dCNY45.00 | |
| 100 | @a20100817d2010 em y0chiy0110 ea | |
| 101 | 0 | @achi |
| 102 | @aCN@b110000 | |
| 105 | @ay z 000yy | |
| 106 | @ar | |
| 200 | 1 | @a中国文化近代转型管窥@9zhong guo wen hua jin dai zhuan xing guan kui@f冯天瑜著 |
| 210 | @a北京@c商务印书馆@d2010.08 | |
| 215 | @a432页@d23cm | |
| 225 | 2 | @a珞珈史学文库@v2 |
| 300 | @a“211工程”三期建设项目“新资料整理与中国古代文明进程研究”成果 武汉大学基础学科振兴行动计划资助出版 | |
| 330 | @a本书主要内容包括:文化转型刍议——兼论现代中国多层级变革交叉互叠;探索近代文化轨迹的新创获——耿云志主编《近代中国文化转型研究》读后;从古典到近代:略论中西人文精神的演进等。 | |
| 461 | 0 | @12001 @a珞珈史学文库@v2 |
| 606 | 0 | @a文化转化@x研究@y中国@z近代 |
| 606 | 0 | @a文化转化 |
| 690 | @aG122@v4 | |
| 701 | 0 | @a冯天瑜@9feng tian yu@f(1942~)@4著 |
| 801 | 0 | @aCN@bRENTIAN@c20100817 |
| 905 | @b540054-58@dG122@e117@f5 | |
| 中国文化近代转型管窥/冯天瑜著.-北京:商务印书馆,2010.08 |
| 432页;23cm.-(珞珈史学文库;2) |
| “211工程”三期建设项目“新资料整理与中国古代文明进程研究”成果 武汉大学基础学科振兴行动计划资助出版 |
| ISBN 978-7-100-06968-7:CNY45.00 |
| 本书主要内容包括:文化转型刍议——兼论现代中国多层级变革交叉互叠;探索近代文化轨迹的新创获——耿云志主编《近代中国文化转型研究》读后;从古典到近代:略论中西人文精神的演进等。 |
| ● |
| 相关链接 |
|
|
|
|
正题名:中国文化近代转型管窥
索取号:G122/117
 
预约/预借
| 序号 | 登录号 | 条形码 | 馆藏地/架位号 | 状态 | 备注 |
| 1 | 540054 | 205400546 | 第一样本阅览室/ [索取号:G122/117] | 在馆 | |
| 2 | 540055 | 205400555 | 第四借阅区/ [索取号:G122/117] | 在馆 | |
| 3 | 540056 | 205400564 | 第四借阅区/ [索取号:G122/117] | 在馆 | |
| 4 | 540057 | 205400573 | 第四借阅区/ [索取号:G122/117] | 在馆 | |
| 5 | 540058 | 205400582 | 第四借阅区/ [索取号:G122/117] | 在馆 |